| 000 | 00564nam a22001937a 4500 | ||
|---|---|---|---|
| 005 | 20251108164017.0 | ||
| 008 | 250721s1988 xx 000 0 ara d | ||
| 082 | 1 | 4 | _a001.6424/منص |
| 100 | 1 | _aمنصور، عوض | |
| 245 | 1 | 0 | _aمقدمة في علم الحاسب الإلكتروني و برمجة بيسك / |
| 250 | _aط3. | ||
| 264 | 1 |
_aاربد : _bدار الأمل، _c1988. |
|
| 300 | _a423ص. | ||
| 650 | 1 | 7 | _aالحواسيب |
| 650 | 1 | 7 | _aلغات البرمجة |
| 700 | 1 | _aأبو النور، محمد | |
| 942 |
_2ddc _cBK |
||
| 999 |
_c1364 _d1364 |
||